| 000 | 01171 a2200253 4500 | ||
|---|---|---|---|
| 003 | Nust | ||
| 005 | 20221208130248.0 | ||
| 010 | _a 2002275122 | ||
| 020 | _a0071382127 | ||
| 040 | _cNust | ||
| 082 | _a621.382,KIK | ||
| 100 | 1 |
_aKikta, Roman. _9104462 |
|
| 245 | 1 | 0 |
_aWireless Internet crash course / _cRoman Kikta, Al Fisher, Michael P. Courtney. |
| 260 |
_aNew York : _bMcGraw-Hill, _cc2002. |
||
| 300 |
_axxi, 231 p. : _bill. ; _c23 cm. |
||
| 440 | 0 |
_aMcGraw-Hill telecom portable consultant _9104463 |
|
| 505 | _aHistory of modern communications (Page-1), Driving technologies (Page-35), The wireless internet market (Page-81), Wireless internet applications,services and access,enabled solutions (Page-107), Billing and security issues (Page-153), Communication past and future (Page-173), Appendix A (Page-203). | ||
| 650 | 0 |
_aTelecommunications engineering. _958485 |
|
| 700 | 1 |
_aCourtney, Michael P. _9104464 |
|
| 700 | 1 |
_aFisher, Al. _9104465 |
|
| 856 | 4 | 2 |
_3Contributor biographical information _uhttp://www.loc.gov/catdir/bios/mh041/2002275122.html |
| 856 | 4 | 2 |
_3Table of contents _uhttp://www.loc.gov/catdir/toc/mh023/2002275122.html |
| 942 |
_2ddc _cBK |
||
| 999 |
_c178693 _d178693 |
||